| 000 | 00752nam a2200241 i 4500 | ||
|---|---|---|---|
| 001 | 95908 | ||
| 003 | ES-MaACL | ||
| 005 | 20250807081153.0 | ||
| 007 | t| | ||
| 008 | 050608s1968 sp ||||1| spa d | ||
| 080 | _a173.1 | ||
| 100 | 1 |
_aMac Ginnis, Tom. _975027 |
|
| 245 | 1 | 0 |
_aVida íntima entre marido y mujer / _cTom Mac Ginnis ; traducido por Antonio Brugarolas. |
| 250 | _a1ª ed. | ||
| 260 |
_aMadrid : _bEl Mueble, _c1968. |
||
| 300 |
_a147 p., 4 lám. : _bil. ; _c22 cm. |
||
| 490 | 1 | _aBiblioteca de revista "El mueble" | |
| 650 | 7 |
_aSexo en el matrimonio _2embne _9168458 |
|
| 700 | 1 |
_aBrugarolas, Antonio. _932080 |
|
| 830 | 1 |
_aBiblioteca de revista "El mueble" _9229895 |
|
| 852 | 4 |
_aES-MaACL _jC-47290 |
|
| 999 |
_c95908 _d95908 |
||